000 00357nam a2200145Ia 4500
005 20250923144416.0
008 008 250917s9999 xx 000 0 eng d
037 _aTextual
040 _aDSWL
_beng
_cDSWL
041 _aeng
_2eng
084 _qDSWL
245 0 _aMinistry of national insurance Act,1944
942 _cTEXL
999 _c1438486
_d1438486